logo

Bir Sreshtho Munshi Abdur Rouf Library
Jhenaidah Cadet College

The handbook of social psychology / (Record no. 8273)

MARC details
000 -LEADER
fixed length control field 01125cam a2200313 a 4500
001 - CONTROL NUMBER
JCCL Control Number 8273
003 - CONTROL NUMBER IDENTIFIER
JCCL marc code BD-JhCC
005 - DATE AND TIME OF LATEST TRANSACTION
control field 20180718193609.0
008 - FIXED-LENGTH DATA ELEMENTS--GENERAL INFORMATION
fixed length control field 970303s1998 maua b 001 0 eng
020 ## - INTERNATIONAL STANDARD BOOK NUMBER
International Standard Book Number 0195213769 (set : acidfree paper)
035 ## - SYSTEM CONTROL NUMBER
system control number (BD-JhCC)8273
040 ## - CATALOGING SOURCE
Original cataloging agency DLC
Transcribing agency DLC
Modifying agency DLC
-- BD-JhCC
041 ## - LANGUAGE CODE
Language code of Book eng
050 00 - LIBRARY OF CONGRESS CALL NUMBER
Classification number HM251
Item number .H224 1998
082 00 - DEWEY DECIMAL CLASSIFICATION NUMBER
Classification number 302
DDC Edition number 21
Author mark and Year HAN 1998
245 04 - TITLE STATEMENT
Title The handbook of social psychology /
Statement of responsibility, etc [edited by] Daniel T. Gilbert, Susan T. Fiske, Gardner Lindzey.
250 ## - EDITION STATEMENT
Edition statement 4th ed.
260 ## - PUBLICATION, DISTRIBUTION, ETC. (IMPRINT)
Place of publication, distribution, etc Boston :
Name of publisher, distributor, etc McGraw-Hill ;
Place of publication, distribution, etc New York :
Name of publisher, distributor, etc Distributed exclusively by Oxford University Press,
Date of publication, distribution, etc c1998.
300 ## - PHYSICAL DESCRIPTION
Pagination 2 v. :
Other physical details ill. ;
Dimensions 26 cm.
504 ## - BIBLIOGRAPHY, ETC. NOTE
Bibliography, etc Includes bibliographical references and indexes.
650 #0 - SUBJECT ADDED ENTRY--TOPICAL TERM
Topical term or geographic name as entry element Social psychology.
700 1# - ADDED ENTRY--PERSONAL NAME
Personal name Gilbert, Daniel Todd.
700 1# - ADDED ENTRY--PERSONAL NAME
Personal name Fiske, Susan T.
700 1# - ADDED ENTRY--PERSONAL NAME
Personal name Lindzey, Gardner.
856 42 - ELECTRONIC LOCATION AND ACCESS
Materials specified Publisher description
Uniform Resource Identifier http://www.loc.gov/catdir/enhancements/fy0605/97005436-d.html
856 41 - ELECTRONIC LOCATION AND ACCESS
Materials specified Table of contents only
Uniform Resource Identifier http://www.loc.gov/catdir/enhancements/fy0605/97005436-t.html
942 ## - ADDED ENTRY ELEMENTS (KOHA)
Source of classification or shelving scheme Dewey Decimal Classification
Koha item type Books
Holdings
Source of classification or shelving scheme Damaged status Not for loan Home library Current library Shelving location Total Checkouts Full call number Barcode Date last seen Copy number Koha item type
Dewey Decimal Classification     JCC Rouf Library JCC Rouf Library General Stacks   302 HAN 1998 8580 02/20/2018 C - 1 Books

JCC Library | Contacts | JCC Home

Last Update on 23 September 2017
Copyright @ 2017-2020 JCC Rouf Library
Rouf Library, Jhenidah Cadet College (JCC), Bangladesh